Human resource management / (Record no. 83450)

MARC details
000 -LEADER
fixed length control field 00501nam a22001817a 4500
005 - DATE AND TIME OF LATEST TRANSACTION
control field 20140701153204.0
010 ## - LCCN (DPL NO)
LC control number ENG-109697
020 ## - INTERNATIONAL STANDARD BOOK NUMBER
International Standard Book Number 9789325974142
Terms of availability 250.00
035 ## - SYSTEM CONTROL NUMBER
System control number EN-93230
037 ## - SOURCE OF ACQUISITION
Source of stock number/acquisition DBAD/PUB
082 ## - DEWEY DECIMAL CLASSIFICATION NUMBER
Classification number 658.3
100 ## - MAIN ENTRY--PERSONAL NAME
Personal name Rao, V.S.P.
245 00 - TITLE STATEMENT
Title Human resource management /
Statement of responsibility, etc by V. S. P. Rao
260 ## - PUBLICATION, DISTRIBUTION, ETC. (IMPRINT)
Place of publication, distribution, etc Noida
Name of publisher, distributor, etc Vikas Publising House
Date of publication, distribution, etc 2014
270 ## - ADDRESS
Address E-28, Sector-8
City Noida
Postal code 201301
300 ## - PHYSICAL DESCRIPTION
Extent xii,323p.
Dimensions 24cm(pbk)
942 ## - ADDED ENTRY ELEMENTS (KOHA)
Source of classification or shelving scheme Dewey Decimal Classification
Item type English Books
Call number suffix RAO
Classification part 658.3
Holdings
Withdrawn status Lost status Not for loan Collection code Home library Current library Date acquired Source of acquisition Cost, normal purchase price Full call number Barcode Copy number Cost, replacement price Koha item type
    Not For Loan Non-fiction D.B.Act.Division D.B.Act.Division 15/04/2014 DBAD/PUB 250.00 658.3 RAO EN-93230 1 250.00 English Books

© Delhi Public Library
Hit Counter
free hit counter